Electronic components part I ; semiconductors, transistors and diods, 18min [DVD video] (Record no. 292755)
[ view plain ]
| 000 -LEADER | |
|---|---|
| fixed length control field | 00489 a2200145 4500 |
| 001 - CONTROL NUMBER | |
| control field | 57682 |
| 082 ## - DEWEY DECIMAL CLASSIFICATION NUMBER | |
| Classification number | 80286 |
| 090 ## - LOCALLY ASSIGNED LC-TYPE CALL NUMBER (OCLC); LOCAL CALL NUMBER (RLIN) | |
| -- | 35363 |
| -- | 35363 |
| 100 ## - MAIN ENTRY--PERSONAL NAME | |
| Personal name | Shopware |
| 245 ## - TITLE STATEMENT | |
| Title | Electronic components part I ; semiconductors, transistors and diods, 18min [DVD video] |
| Remainder of title | shopware |
| 260 ## - PUBLICATION, DISTRIBUTION, ETC. | |
| Place of publication, distribution, etc. | NJ |
| Name of publisher, distributor, etc. | Films media group |
| Date of publication, distribution, etc. | 2006 |
| 490 ## - SERIES STATEMENT | |
| Series statement | electricity and electronics |
| 500 ## - GENERAL NOTE | |
| General note | CD/DVD |
| 600 ## - SUBJECT ADDED ENTRY--PERSONAL NAME | |
| Personal name | links: links: films for the huminities & sciences ; cambridge educational ; meridian education |
| 942 ## - ADDED ENTRY ELEMENTS (KOHA) | |
| Institution code [OBSOLETE] | NUST-CAE |
| Call number prefix | 80286 |
| Withdrawn status | Lost status | Damaged status | Not for loan | Collection code | Permanent Location | Current Location | Date acquired | Total Checkouts | Full call number | Barcode | Date last seen | Price effective from | Koha item type |
|---|---|---|---|---|---|---|---|---|---|---|---|---|---|
| College of Aeronautical Engineering (CAE) | College of Aeronautical Engineering (CAE) | 04/03/2017 | 80286 | CAE80286 | 04/05/2017 | 04/05/2017 | Book |
